Представление документа в формате RUSMARC

ПолеНазваниеЗначение
  Тип записи a
  Библиографический уровень m
001 Контрольный номер 1b2ce1d8a7554a3e84b34b484eb14a6f
005 Дата корректировки 20170614105614.8
010 Индекс ISBN __
a ISBN 978-5-394-02063-6
d Цена 649 руб. 00 к.
101 Язык документа 0_
a Язык текста rus
102 Страна публикации __
a Страна публикации RU
200 Заглавие и сведения об ответственности 1_
a Заглавие Психология
e Сведения, относящиеся к заглавию Учебник для бакалавров
f Первые сведения об ответственности В.П. Ступницкий, О.И. Щербакова, В.Е. Степанов
210 Выходные данные 1_
a Место издания М.:
c Издательство Издательско-торговая корпорация "Дашков и К"
d Дата издания 2017
215 Физическое описание __
a Объем 520 с.
610 Ключевые слова 0_
a Ключевые слова Введение в психологию
a Ключевые слова методы психологии
a Ключевые слова Психология личности и деятельности
a Ключевые слова Группа и коллектив
a Ключевые слова Психология конфликтного поведения
686 Индексы других классификаций __
a Классификационный индекс 88
700 Автор _1
a Фамилия Ступницкий В.П.
801 Источник записи _0
a Страна RU
b Организация РУК
g Правила каталогизации PSBO
801 Источник записи _1
a Страна RU
b Организация РУК
g Правила каталогизации PSBO
852 Данные о местонахождении __
i Авторский знак С 88
901 Тип документа __
t Тип документа m
937 Технологическая информация __
a Создатель записи (имя) Иванова
938 Служебная информация __
a Название организации Краснодарский филиал
952 Тип литературы __
b Гриф литературы для ВШ гриф МО